| 000 | 00967nam a22002655i 4500 | ||
|---|---|---|---|
| 001 | 18857418 | ||
| 003 | 20160315102801.0 | ||
| 005 | 20240606080858.0 | ||
| 008 | 151116s2015 ke a b 000 0 eng | ||
| 010 | _a 2014321914 | ||
| 020 | _a9789966510488 | ||
| 040 |
_aDLC _beng _cDLC _erda |
||
| 042 |
_alcode _apcc |
||
| 100 | 1 | _aMathenge, Githui Donatus. | |
| 245 | 1 | 0 |
_aEthics in security management and criminal justice : _ba requisite to solving ethical dilemmas in crime management and security decisions in a globalized world / |
| 264 | 1 |
_aNairobi, Kenya : _bThe Jomo Kenyatta Foundation, _c2015. |
|
| 300 |
_axxi, 264 pages : _billustrations ; _c21 cm |
||
| 336 |
_atext _2rdacontent |
||
| 337 |
_aunmediated _2rdamedia |
||
| 338 |
_avolume _2rdacarrier |
||
| 504 | _aIncludes bibliographical references (pages 247-264). | ||
| 906 |
_a0 _bibc _corigode _d3 _encip _f20 _gy-gencatlg |
||
| 942 |
_2lcc _cBK |
||
| 999 |
_c2626 _d2626 |
||